[Event "Daventry 4NCL U1700"]
[Site "Daventry"]
[Date "2025.04.18"]
[Round "1.13"]
[White "Sloan, Cecil"]
[Black "Guest, Liam"]
[Result "1-0"]
[WhiteElo "1583"]
[BlackElo "1359"]
[PlyCount "169"]
[EventDate "2025.04.18"]
[EventType "swiss"]
[EventRounds "7"]
[EventCountry "ENG"]
[SourceTitle "BritBase"]
[Source "John Saunders"]
[SourceDate "2025.09.18"]
[SourceVersion "1"]
[SourceVersionDate "2025.09.18"]
[SourceQuality "1"]

1. e4 d5 2. exd5 Qxd5 3. Nc3 Qa5 4. b4 Qxb4 5. Rb1 Qd6 6. Bc4 Nf6 7. Nf3 a6 8. O-O b5 9. Bd3 Bb7 10. Qe2 Nbd7 11. Ne4 Nxe4 12. Bxe4 Bxe4 13. Qxe4 Rd8 14. Bb2 Nc5 15. Qe3 b4 16. Be5 Qb6 17. Qf4 Ne6 18. Qxb4 Qxb4 19. Rxb4 f6 20. Bc3 c5 21. Rb6 Rd6 22. Rfb1 Kf7 23. Rxd6 exd6 24. Rb6 Nf4 25. Rxa6 d5 26. Ra8 d4 27. Bb2 g5 28. d3 Bg7 29. Rxh8 Bxh8 30. Kf1 Ke7 31. Nd2 Kd7 32. Ne4 Ne6 33. Nd2 f5 34. Nc4 Kc7 35. Bc1 h5 36. Bd2 Bf6 37. a4 Kb7 38. Nd6+ Ka6 39. Nxf5 Nc7 40. Ng3 h4 41. Ne4 Be7 42. Bxg5 Bxg5 43. Nxg5 Ka5 44. f4 Kxa4 45. f5 Nd5 46. Ke1 Kb4 47. Ne4 Ne7 48. f6 Ng6 49. f7 c4 50. dxc4 Kxc4 51. Kd2 Kd5 52. Ng5 Nf8 53. Nf3 Ke6 54. Nxh4 Kxf7 55. Nf3 Ne6 56. g3 Kf6 57. Kd3 Nc5+ 58. Kxd4 Ne6+ 59. Kd5 Nc7+ 60. Kc6 Ne8 61. c4 Kf5 62. Kd7 Nf6+ 63. Ke7 Ne4 64. h3 Nc5 65. Nd2 Kg5 66. Kd6 Nb7+ 67. Kc6 Nd8+ 68. Kb6 Ne6 69. c5 Kf6 70. c6 Kg6 71. c7 Nxc7 72. Kxc7 Kg5 73. Kd7 Kf6 74. h4 Kf5 75. Ke7 Kg4 76. Kf6 Kh5 77. Kf5 Kh6 78. g4 Kg7 79. h5 Kh6 80. Nf3 Kg7 81. Ne5 Kh6 82. Kf6 Kh7 83. g5 Kg8 84. g6 Kh8 85. h6 1-0

[Event "Daventry 4NCL U1700"]
[Site "Daventry"]
[Date "2025.04.18"]
[Round "1.14"]
[White "Cureton, Oliver"]
[Black "Collins, Nigel"]
[Result "1-0"]
[WhiteElo "1340"]
[BlackElo "1566"]
[PlyCount "61"]
[EventDate "2025.04.18"]
[EventType "swiss"]
[EventRounds "7"]
[EventCountry "ENG"]
[SourceTitle "BritBase"]
[Source "John Saunders"]
[SourceDate "2025.09.18"]
[SourceVersion "1"]
[SourceVersionDate "2025.09.18"]
[SourceQuality "1"]

1. e4 c5 2. Nf3 d6 3. d4 cxd4 4. Nxd4 Nf6 5. Nc3 a6 6. Bc4 e6 7. Be3 b5 8. Bd3 Bb7 9. f3 Be7 10. Qd2 Nbd7 11. O-O-O Rc8 12. Nce2 d5 13. Ng3 O-O 14. Kb1 Nc5 15. e5 Nxd3 16. Qxd3 Nd7 17. f4 Nc5 18. Qe2 Qc7 19. Bc1 Ne4 20. Rd3 Qb6 21. Be3 Bc5 22. f5 Nxg3 23. hxg3 g6 24. f6 Bxd4 25. Bxd4 Qc7 26. Qd2 Rfd8 27. Qh6 Qxc2+ 28. Ka1 Qc1+ 29. Rxc1 Rxc1+ 30. Qxc1 Rc8 31. Rc3 1-0

[Event "Daventry 4NCL U1700"]
[Site "Daventry"]
[Date "2025.04.18"]
[Round "1.15"]
[White "Morris, Nigel W"]
[Black "Li, Emmanuelle"]
[Result "0-1"]
[WhiteElo "1560"]
[BlackElo "1289"]
[PlyCount "78"]
[EventDate "2025.04.18"]
[EventType "swiss"]
[EventRounds "7"]
[EventCountry "ENG"]
[SourceTitle "BritBase"]
[Source "John Saunders"]
[SourceDate "2025.09.18"]
[SourceVersion "1"]
[SourceVersionDate "2025.09.18"]
[SourceQuality "1"]

1. c4 e5 2. Nc3 Nc6 3. Nf3 Nf6 4. e3 Bb4 5. Qc2 O-O 6. h3 d6 7. Ne2 Be6 8. a3 Ba5 9. b4 Bb6 10. Bb2 e4 11. Nfd4 Bxd4 12. Nxd4 Re8 13. Nxe6 Rxe6 14. Be2 Ne5 15. O-O c6 16. f3 d5 17. f4 Nxc4 18. Bd4 Nd6 19. f5 Re8 20. Rac1 a5 21. Qb3 h6 22. Qb2 axb4 23. axb4 Kh7 24. Bxf6 Qxf6 25. Qxf6 gxf6 26. g4 Ra4 27. Rb1 Ra2 28. Rfd1 Rg8 29. Kf2 Nc4 30. Bxc4 dxc4 31. b5 c3 32. Rbc1 Rxd2+ 33. Rxd2 cxd2 34. Rd1 Rd8 35. bxc6 bxc6 36. Ke2 h5 37. Rxd2 Rxd2+ 38. Kxd2 hxg4 39. hxg4 Kh6 0-1

[Event "Daventry 4NCL U1700"]
[Site "Daventry"]
[Date "2025.04.18"]
[Round "1.16"]
[White "Li, Pengxiang"]
[Black "Chen, Yechu"]
[Result "0-1"]
[WhiteElo "1287"]
[BlackElo "1555"]
[PlyCount "64"]
[EventDate "2025.04.18"]
[EventType "swiss"]
[EventRounds "7"]
[EventCountry "ENG"]
[SourceTitle "BritBase"]
[Source "John Saunders"]
[SourceDate "2025.09.18"]
[SourceVersion "1"]
[SourceVersionDate "2025.09.18"]
[SourceQuality "1"]

1. d4 Nf6 2. c4 g6 3. Nc3 d5 4. Nf3 Bg7 5. g3 O-O 6. Qb3 dxc4 7. Qxc4 b6 8. Bg2 Bb7 9. O-O Nc6 10. b4 Qd7 11. d5 Nxd5 12. Bb2 e6 13. Rad1 Qe7 14. a3 Rad8 15. Qb3 Qf6 16. Rd3 Nxc3 17. Bxc3 Rxd3 18. exd3 Qxc3 19. Qd1 Rd8 20. h4 Rxd3 21. Qe2 Nd4 22. Nxd4 Bxg2 23. Kxg2 Bxd4 24. Qe4 Kg7 25. Qf4 Be5 26. Qg5 Bf6 27. Qb5 Be5 28. f3 Rd2+ 29. Kh3 Qb2 30. f4 Rh2+ 31. Kg4 f5+ 32. Kf3 Qxa3+ 0-1

[Event "Daventry 4NCL U1700"]
[Site "Daventry"]
[Date "2025.04.18"]
[Round "1.17"]
[White "Seymour, Paul"]
[Black "Fletcher, Ben J"]
[Result "1/2-1/2"]
[WhiteElo "1619"]
[BlackElo "1431"]
[PlyCount "39"]
[EventDate "2025.04.18"]
[EventType "swiss"]
[EventRounds "7"]
[EventCountry "ENG"]
[SourceTitle "BritBase"]
[Source "John Saunders"]
[SourceDate "2025.09.18"]
[SourceVersion "1"]
[SourceVersionDate "2025.09.18"]
[SourceQuality "1"]

1. d4 Nf6 2. Bf4 d5 3. e3 c5 4. c3 Nc6 5. Bd3 Bg4 6. Qc2 e6 7. dxc5 e5 8. Bg3 e4 9. Be2 Bxc5 10. Nd2 O-O 11. Nb3 Bd6 12. Bxg4 Nxg4 13. O-O-O Nf6 14. Kb1 Rc8 15. Qd2 Ne5 16. Bxe5 Bxe5 17. h3 Qb6 18. Ne2 Rfd8 19. Ned4 a5 20. Nc1 1/2-1/2

[Event "Daventry 4NCL U1700"]
[Site "Daventry"]
[Date "2025.04.18"]
[Round "1.18"]
[White "Peel, James"]
[Black "Amudhavel, Aadharshini"]
[Result "1-0"]
[WhiteElo "1534"]
[BlackElo "1263"]
[PlyCount "127"]
[EventDate "2025.04.18"]
[EventType "swiss"]
[EventRounds "7"]
[EventCountry "ENG"]
[SourceTitle "BritBase"]
[Source "John Saunders"]
[SourceDate "2025.09.18"]
[SourceVersion "1"]
[SourceVersionDate "2025.09.18"]
[SourceQuality "1"]

1. c4 e5 2. g3 Nc6 3. Bg2 Bc5 4. e3 Nf6 5. Ne2 d6 6. Nbc3 Be6 7. d4 Bxc4 8. dxc5 Bxe2 9. Qxe2 dxc5 10. O-O Qd7 11. Rd1 Qe6 12. Nb5 Qe7 13. b3 a6 14. Na3 Qe6 15. Nc4 Nd7 16. Bd5 Qg6 17. Qf3 Rd8 18. Bxc6 bxc6 19. Bb2 e4 20. Qf4 O-O 21. Qxc7 Qg4 22. Rd2 h5 23. Qf4 Qg6 24. Rad1 Qe6 25. Ne5 Nxe5 26. Qxe5 Qxe5 27. Bxe5 Rxd2 28. Rxd2 Ra8 29. Bc7 Ra7 30. Bb6 Rb7 31. Bxc5 Rb5 32. b4 a5 33. a3 axb4 34. axb4 Rb8 35. Kg2 Re8 36. Rd7 Re6 37. Re7 Rh6 38. Rxe4 f5 39. Re7 h4 40. Rd7 h3+ 41. Kf3 Re6 42. Rd6 Re4 43. Rxc6 g5 44. Rg6+ Kf7 45. Rxg5 Kf6 46. Rh5 Kg6 47. Rxh3 Kf6 48. Rh6+ Kg7 49. Rd6 Kf7 50. Bd4 Ke7 51. Rg6 Kf7 52. Rg7+ Ke6 53. b5 Kd6 54. b6 Kc6 55. h4 Re8 56. Rf7 f4 57. Kxf4 Kd5 58. h5 Rg8 59. h6 Rh8 60. Bxh8 Ke6 61. Ra7 Kd6 62. b7 Kd5 63. b8=Q Ke6 64. Qe5# 1-0

[Event "Daventry 4NCL U1700"]
[Site "Daventry"]
[Date "2025.04.18"]
[Round "1.19"]
[White "Van Neerven, Yvon"]
[Black "Loyden, Gary"]
[Result "1/2-1/2"]
[WhiteElo "1222"]
[BlackElo "1531"]
[PlyCount "62"]
[EventDate "2025.04.18"]
[EventType "swiss"]
[EventRounds "7"]
[EventCountry "ENG"]
[SourceTitle "BritBase"]
[Source "John Saunders"]
[SourceDate "2025.09.18"]
[SourceVersion "1"]
[SourceVersionDate "2025.09.18"]
[SourceQuality "1"]

1. Nf3 Nf6 2. d4 e6 3. Bf4 c5 4. e3 cxd4 5. exd4 b6 6. Be2 Ba6 7. O-O Bxe2 8. Qxe2 Be7 9. Nbd2 O-O 10. h3 d6 11. Rfe1 Nc6 12. Ne4 Nxe4 13. Qxe4 d5 14. Qe3 Nb4 15. Qe2 Rc8 16. c3 Nc6 17. Nd2 Bd6 18. Qg4 Bxf4 19. Qxf4 Ne7 20. Nf3 Ng6 21. Qg4 Qf6 22. g3 Qd8 23. Ne5 Nxe5 24. Rxe5 b5 25. Rg5 Qf6 26. a3 a5 27. Re5 b4 28. axb4 axb4 29. Re3 bxc3 30. bxc3 Rb8 31. Rae1 Rb2 1/2-1/2

[Event "Daventry 4NCL U1700"]
[Site "Daventry"]
[Date "2025.04.18"]
[Round "1.20"]
[White "Udin, Wade"]
[Black "Yue, Blake"]
[Result "1-0"]
[WhiteElo "1521"]
[BlackElo "1178"]
[PlyCount "120"]
[EventDate "2025.04.18"]
[EventType "swiss"]
[EventRounds "7"]
[EventCountry "ENG"]
[SourceTitle "BritBase"]
[Source "John Saunders"]
[SourceDate "2025.09.18"]
[SourceVersion "1"]
[SourceVersionDate "2025.09.18"]
[SourceQuality "1"]

1. d4 e6 2. Bf4 d5 3. e3 Nf6 4. Nf3 Be7 5. Bd3 O-O 6. O-O Nc6 7. c3 b6 8. Nbd2 Bb7 9. h3 Re8 10. Re1 h6 11. e4 dxe4 12. Nxe4 Nd5 13. Bh2 Qd7 14. Bb5 a6 15. Ne5 Qc8 16. Bxc6 f6 17. Bxb7 Qxb7 18. Ng6 Qc6 19. Nxe7+ Rxe7 20. Qf3 Rf7 21. Nd2 Qd7 22. c4 c6 23. cxd5 cxd5 24. Rac1 Rc8 25. Rxc8+ Qxc8 26. Qc3 Qd7 27. Rc1 Qa4 28. Qc8+ Kh7 29. Qc2+ Qxc2 30. Rxc2 Re7 31. Rc6 e5 32. dxe5 fxe5 33. Nf3 e4 34. Nd4 Rb7 35. Rd6 b5 36. Rxd5 Re7 37. Kf1 e3 38. fxe3 Rxe3 39. Rd7 Kg6 40. Rxg7+ Kf6 41. Ra7 Rd3 42. Rxa6+ Ke7 43. Nxb5 Rd1+ 44. Ke2 Rb1 45. Be5 Rc1 46. Bc3 Rg1 47. Kf2 Rd1 48. Rxh6 Rd5 49. Rh7+ Kd8 50. a4 Rf5+ 51. Ke3 Rg5 52. Bf6+ Kc8 53. Bxg5 Kb8 54. Bf4+ Ka8 55. Bh6 Kb8 56. g4 Kc8 57. g5 Kd8 58. Kd4 Ke8 59. Kd5 Kd8 60. Kc6 Ke8 1-0

[Event "Daventry 4NCL U1700"]
[Site "Daventry"]
[Date "2025.04.18"]
[Round "1.21"]
[White "Calvert, William"]
[Black "Smith, Adam"]
[Result "0-1"]
[WhiteElo "897"]
[BlackElo "1519"]
[PlyCount "96"]
[EventDate "2025.04.18"]
[EventType "swiss"]
[EventRounds "7"]
[EventCountry "ENG"]
[SourceTitle "BritBase"]
[Source "John Saunders"]
[SourceDate "2025.09.18"]
[SourceVersion "1"]
[SourceVersionDate "2025.09.18"]
[SourceQuality "1"]

1. e4 c6 2. Nf3 d5 3. exd5 cxd5 4. d4 Nc6 5. Nc3 Nf6 6. Bf4 a6 7. Bd3 Bg4 8. Be2 e6 9. Ne5 Bxe2 10. Qxe2 Nxd4 11. Qd3 Bc5 12. Be3 Qb6 13. Na4 Qb4+ 14. c3 Qxa4 15. Bxd4 Bxd4 16. cxd4 Qb4+ 17. Qc3 Qxc3+ 18. bxc3 Rc8 19. Kd2 Ne4+ 20. Kd3 Nxf2+ 21. Kd2 Nxh1 22. Rxh1 f6 23. Nd3 b6 24. Rb1 b5 25. Rb3 O-O 26. Ra3 Ra8 27. Nc5 e5 28. dxe5 fxe5 29. Ke3 a5 30. Nd7 Rfe8 31. Nb6 d4+ 32. cxd4 exd4+ 33. Kd3 Re3+ 34. Kxd4 Rxa3 35. Nxa8 Rxa2 36. Nc7 b4 37. Nb5 Rxg2 38. Nc3 bxc3 39. Kxc3 Rxh2 40. Kc4 h5 41. Kb5 h4 42. Kxa5 h3 43. Kb5 Rc2 44. Kb4 h2 45. Kb3 Rc8 46. Kb2 h1=Q 47. Ka2 Qb7 48. Ka1 Ra8# 0-1

[Event "Daventry 4NCL U1700"]
[Site "Daventry"]
[Date "2025.04.19"]
[Round "2.1"]
[White "Oliveri, Omar"]
[Black "Udin, Wade"]
[Result "0-1"]
[WhiteElo "1699"]
[BlackElo "1521"]
[PlyCount "122"]
[EventDate "2025.04.18"]
[EventType "swiss"]
[EventRounds "7"]
[EventCountry "ENG"]
[SourceTitle "BritBase"]
[Source "John Saunders"]
[SourceDate "2025.09.18"]
[SourceVersion "1"]
[SourceVersionDate "2025.09.18"]
[SourceQuality "1"]

1. e4 d6 2. d4 Nf6 3. Nc3 g6 4. h3 Bg7 5. g4 Nc6 6. Nge2 e5 7. d5 Ne7 8. Ng3 Nd7 9. Bg2 h6 10. O-O O-O 11. f4 exf4 12. Bxf4 Ne5 13. Rb1 Bd7 14. Nce2 a6 15. b3 Nc8 16. c4 b6 17. Qd2 Kh7 18. a4 a5 19. Nd4 Qh4 20. Nf3 Qe7 21. Nxe5 Bxe5 22. Bxh6 Bxg3 23. Bxf8 Qxf8 24. Rf3 Be5 25. Rbf1 Be8 26. Qg5 Kg7 27. h4 Qe7 28. Qxe7 Nxe7 29. h5 Ng8 30. hxg6 Kxg6 31. Bh3 Rd8 32. Kf2 Bd7 33. Ke3 f6 34. Rg1 Kg5 35. Rg2 Ne7 36. Rf1 Ng6 37. Rh1 Rh8 38. Rgg1 Bf4+ 39. Kf3 Ne5+ 40. Kg2 Be8 41. Kf2 Bg6 42. Bg2 Nxg4+ 43. Ke2 Re8 44. Bf3 f5 45. Bxg4 Rxe4+ 46. Kd1 fxg4 47. Rh8 Re7 48. Rg8 g3 49. Rh8 Be5 50. Rh3 Bf5 51. Rgxg3+ Bxg3 52. Rxg3+ Bg4+ 53. Kc2 Kf4 54. Rg1 Re3 55. Rf1+ Ke4 56. Rf7 Kd4 57. Rxc7 Re2+ 58. Kb1 Kc3 59. Rc6 Bf5+ 60. Ka1 Bc2 61. Rxb6 Bxb3 0-1

[Event "Daventry 4NCL U1700"]
[Site "Daventry"]
[Date "2025.04.19"]
[Round "2.2"]
[White "Smith, Adam"]
[Black "Green, Oliver"]
[Result "1-0"]
[WhiteElo "1519"]
[BlackElo "1660"]
[PlyCount "69"]
[EventDate "2025.04.18"]
[EventType "swiss"]
[EventRounds "7"]
[EventCountry "ENG"]
[SourceTitle "BritBase"]
[Source "John Saunders"]
[SourceDate "2025.09.18"]
[SourceVersion "1"]
[SourceVersionDate "2025.09.18"]
[SourceQuality "1"]

1. e4 d5 2. exd5 Qxd5 3. Nc3 Qa5 4. d4 Nf6 5. Nf3 Bf5 6. Bd3 Bg4 7. Bd2 c6 8. h3 Bh5 9. Qe2 e6 10. Ne4 Qd8 11. Ng3 Bxf3 12. Qxf3 Bd6 13. Ne4 Nxe4 14. Qxe4 Nd7 15. O-O-O Nf6 16. Qh4 h6 17. g4 Nd5 18. Qxd8+ Rxd8 19. Rde1 O-O 20. c4 Nf4 21. Bc2 Rc8 22. Re4 g5 23. h4 f5 24. gxf5 exf5 25. Ree1 Kg7 26. c5 Bc7 27. hxg5 hxg5 28. Re7+ Kg6 29. Rhh7 Ne2+ 30. Kd1 Nxd4 31. Reg7+ Kf6 32. Bxg5+ Ke5 33. Rxc7 Rxc7 34. Rxc7 Rh8 35. Be3 1-0

[Event "Daventry 4NCL U1700"]
[Site "Daventry"]
[Date "2025.04.19"]
[Round "2.3"]
[White "De Block, Gert"]
[Black "Prabhakaran, Anvikkashri"]
[Result "1-0"]
[WhiteElo "1654"]
[BlackElo "1498"]
[PlyCount "125"]
[EventDate "2025.04.18"]
[EventType "swiss"]
[EventRounds "7"]
[EventCountry "ENG"]
[SourceTitle "BritBase"]
[Source "John Saunders"]
[SourceDate "2025.09.18"]
[SourceVersion "1"]
[SourceVersionDate "2025.09.18"]
[SourceQuality "1"]

1. d4 e6 2. c4 d5 3. Nc3 Nf6 4. e3 Be7 5. Nf3 O-O 6. Bd3 a6 7. O-O dxc4 8. Bxc4 b5 9. Bb3 Nbd7 10. e4 c5 11. e5 Ne8 12. d5 exd5 13. Bxd5 Rb8 14. e6 fxe6 15. Bxe6+ Kh8 16. Nd5 Ndf6 17. Bxc8 Rxc8 18. Nxe7 Qxe7 19. Re1 Qc7 20. Ng5 Qd6 21. Qc2 Nc7 22. b3 Ncd5 23. Bb2 Qf4 24. Ne6 Nb4 25. Qe2 Qf5 26. Nxf8 Nc2 27. Qe6 Qxe6 28. Nxe6 Nxe1 29. Rxe1 Re8 30. Kf1 Kg8 31. Nxc5 a5 32. Rxe8+ Nxe8 33. Nb7 a4 34. bxa4 bxa4 35. Nc5 Nd6 36. Nxa4 Nc4 37. Ke2 Kf7 38. Kd3 Nd6 39. g4 Kg6 40. f4 Kf7 41. Nc5 g6 42. a4 Ke7 43. Ne4 Nb7 44. Bc3 Kd7 45. Nf6+ Ke6 46. Nxh7 Nc5+ 47. Kd4 Nxa4 48. h4 Nb6 49. Ng5+ Ke7 50. Bb4+ Kf6 51. Ne4+ Ke6 52. h5 gxh5 53. gxh5 Nc8 54. h6 Ne7 55. Bxe7 Kxe7 56. h7 Kf7 57. h8=Q Ke7 58. Qf6+ Kd7 59. Kd5 Kc7 60. Qd6+ Kb7 61. Nc5+ Ka7 62. Qc7+ Ka8 63. Qb7# 1-0

[Event "Daventry 4NCL U1700"]
[Site "Daventry"]
[Date "2025.04.19"]
[Round "2.4"]
[White "Badley, Christopher"]
[Black "Curran, David P"]
[Result "1-0"]
[WhiteElo "1483"]
[BlackElo "1612"]
[PlyCount "93"]
[EventDate "2025.04.18"]
[EventType "swiss"]
[EventRounds "7"]
[EventCountry "ENG"]
[SourceTitle "BritBase"]
[Source "John Saunders"]
[SourceDate "2025.09.18"]
[SourceVersion "1"]
[SourceVersionDate "2025.09.18"]
[SourceQuality "1"]

1. e4 c5 2. Nf3 Nc6 3. d4 cxd4 4. Nxd4 Nf6 5. Nc3 a6 6. Be3 e6 7. Bc4 Bb4 8. f3 Na5 9. Bb3 Nxe4 10. fxe4 Qh4+ 11. Bf2 Qxe4+ 12. Kf1 Qg6 13. Qd3 Qh5 14. Ne4 Nxb3 15. Nxb3 d5 16. Ng3 Qh6 17. c3 Be7 18. Re1 Bd7 19. Kg1 Rc8 20. h3 O-O 21. Nf5 exf5 22. Rxe7 Qd6 23. Re1 Rfe8 24. Nd4 Rxe1+ 25. Bxe1 Re8 26. Bd2 Qb6 27. b4 Re4 28. Kh2 f4 29. Re1 Qg6 30. Qf1 Qg3+ 31. Kh1 Bb5 32. Nxb5 axb5 33. Rxe4 dxe4 34. Qxf4 Qxf4 35. Bxf4 f5 36. g3 Kf7 37. Kg2 Ke6 38. Kf2 Kd5 39. Ke3 h6 40. h4 h5 41. Kd2 Ke6 42. Kc2 Kd5 43. Kb3 g6 44. Be3 Ke6 45. c4 bxc4+ 46. Kxc4 b5+ 47. Kd4 1-0

[Event "Daventry 4NCL U1700"]
[Site "Daventry"]
[Date "2025.04.19"]
[Round "2.5"]
[White "Bishop, Geoffrey L"]
[Black "Ben-Eshak, Djad"]
[Result "0-1"]
[WhiteElo "1609"]
[BlackElo "1468"]
[PlyCount "124"]
[EventDate "2025.04.18"]
[EventType "swiss"]
[EventRounds "7"]
[EventCountry "ENG"]
[SourceTitle "BritBase"]
[Source "John Saunders"]
[SourceDate "2025.09.18"]
[SourceVersion "1"]
[SourceVersionDate "2025.09.18"]
[SourceQuality "1"]

1. e4 e6 2. d4 d5 3. Nc3 Nf6 4. e5 Nfd7 5. f4 c5 6. Nf3 Nc6 7. Be3 cxd4 8. Nxd4 Bb4 9. Qg4 O-O 10. Bd3 Qa5 11. Nde2 d4 12. Nxd4 Bxc3+ 13. bxc3 Qxc3+ 14. Ke2 Nxd4+ 15. Bxd4 Qxd4 16. Rad1 Qa4 17. h4 Nc5 18. h5 Nxd3 19. Rxd3 Qxc2+ 20. Rd2 Qf5 21. Qf3 b6 22. g4 Ba6+ 23. Kf2 Bb7 24. Qg3 Qe4 25. Re1 Qc6 26. f5 Qc5+ 27. Re3 Rad8 28. Rde2 Ba6 29. Re1 Qc2+ 30. Kg1 Rd1 31. f6 Rxe1+ 32. Rxe1 Rd8 33. Qf3 Qc5+ 34. Kh2 Rd2+ 35. Kg3 Bb7 36. Qf4 Rg2+ 37. Kh3 Qf2 38. Qxf2 Rxf2 39. Rd1 gxf6 40. h6 Kf8 41. Rd7 Bc6 42. Rc7 Be8 43. Kg3 Rxa2 44. exf6 b5 45. g5 Ra3+ 46. Kg4 Ra1 47. Kh5 b4 48. g6 Rh1+ 49. Kg5 Rg1+ 50. Kf4 Rxg6 51. Rxa7 Rxf6+ 52. Kg5 Rg6+ 53. Kh5 b3 54. Rb7 Rg3 55. Kh4 Rc3 56. Kg5 Ba4 57. Kf6 Rf3+ 58. Kg5 Rf2 59. Rb8+ Ke7 60. Rb7+ Kd6 61. Kg4 b2 62. Kg3 Rf3+ 0-1

[Event "Daventry 4NCL U1700"]
[Site "Daventry"]
[Date "2025.04.19"]
[Round "2.6"]
[White "Li, Emmanuelle"]
[Black "Sloan, Cecil"]
[Result "1/2-1/2"]
[WhiteElo "1289"]
[BlackElo "1583"]
[PlyCount "42"]
[EventDate "2025.04.18"]
[EventType "swiss"]
[EventRounds "7"]
[EventCountry "ENG"]
[SourceTitle "BritBase"]
[Source "John Saunders"]
[SourceDate "2025.09.18"]
[SourceVersion "1"]
[SourceVersionDate "2025.09.18"]
[SourceQuality "1"]

1. e4 c5 2. Nf3 Nc6 3. d4 cxd4 4. Nxd4 e5 5. Nb3 Nf6 6. Nc3 Bb4 7. Bg5 O-O 8. Bc4 d6 9. h3 Be6 10. Bxe6 fxe6 11. O-O Bxc3 12. bxc3 Rc8 13. Qd3 Qc7 14. Rad1 Nd8 15. Bxf6 Rxf6 16. Qxd6 Qxc3 17. Qd7 Rf7 18. Qe8+ Rf8 19. Qe7 Rf7 20. Qe8+ Rf8 21. Qe7 Rf7 1/2-1/2

[Event "Daventry 4NCL U1700"]
[Site "Daventry"]
[Date "2025.04.19"]
[Round "2.7"]
[White "Chen, Yechu"]
[Black "Shi, Kevin"]
[Result "0-1"]
[WhiteElo "1555"]
[BlackElo "1430"]
[PlyCount "46"]
[EventDate "2025.04.18"]
[EventType "swiss"]
[EventRounds "7"]
[EventCountry "ENG"]
[SourceTitle "BritBase"]
[Source "John Saunders"]
[SourceDate "2025.09.18"]
[SourceVersion "1"]
[SourceVersionDate "2025.09.18"]
[SourceQuality "1"]

1. e4 e5 2. Bc4 Nf6 3. d3 Bc5 4. Nf3 d6 5. Bg5 h6 6. Bh4 Nc6 7. Nc3 g5 8. Nxg5 hxg5 9. Bxg5 Rg8 10. h4 Be6 11. Bb5 a6 12. Ba4 b5 13. Bb3 Nd4 14. f4 Bxb3 15. axb3 Ne6 16. f5 Nxg5 17. hxg5 Rxg5 18. Nd5 Rg8 19. Rh6 Nxd5 20. exd5 Qg5 21. Qh5 Qe3+ 22. Kd1 Qg1+ 23. Kd2 Rxg2+ 0-1

[Event "Daventry 4NCL U1700"]
[Site "Daventry"]
[Date "2025.04.19"]
[Round "2.9"]
[White "Bangalore Kumar, Rohith"]
[Black "Cureton, Oliver"]
[Result "1/2-1/2"]
[WhiteElo "1619"]
[BlackElo "1340"]
[PlyCount "72"]
[EventDate "2025.04.18"]
[EventType "swiss"]
[EventRounds "7"]
[EventCountry "ENG"]
[SourceTitle "BritBase"]
[Source "John Saunders"]
[SourceDate "2025.09.18"]
[SourceVersion "1"]
[SourceVersionDate "2025.09.18"]
[SourceQuality "1"]

1. e4 e5 2. Nf3 Nf6 3. Nc3 Nc6 4. Bc4 Be7 5. O-O d6 6. h3 O-O 7. d4 exd4 8. Nxd4 Bd7 9. Be3 Nxd4 10. Bxd4 c5 11. Be3 a6 12. a4 Bc6 13. Qd3 Re8 14. Rfd1 Qc7 15. Bf4 Rad8 16. Nd5 Bxd5 17. Bxd5 Nxd5 18. Qxd5 Qc6 19. Qxc6 bxc6 20. f3 d5 21. exd5 cxd5 22. c3 Bf6 23. Rd2 d4 24. Rad1 dxc3 25. Rxd8 Rxd8 26. Rxd8+ Bxd8 27. bxc3 Bf6 28. c4 Bc3 29. Kf2 f6 30. Ke2 Kf7 31. Kd3 Bb4 32. Ke4 Ke6 33. g4 g6 34. Bb8 f5+ 35. gxf5+ gxf5+ 36. Ke3 Kf6 1/2-1/2

[Event "Daventry 4NCL U1700"]
[Site "Daventry"]
[Date "2025.04.19"]
[Round "2.10"]
[White "Mantaev, Nikolai"]
[Black "Robinson, John K"]
[Result "0-1"]
[WhiteElo "1370"]
[BlackElo "1627"]
[PlyCount "48"]
[EventDate "2025.04.18"]
[EventType "swiss"]
[EventRounds "7"]
[EventCountry "ENG"]
[SourceTitle "BritBase"]
[Source "John Saunders"]
[SourceDate "2025.09.18"]
[SourceVersion "1"]
[SourceVersionDate "2025.09.18"]
[SourceQuality "1"]

1. e4 d6 2. Nf3 Nf6 3. d3 g6 4. g3 Bg7 5. Bg2 O-O 6. O-O Bg4 7. Re1 Nbd7 8. h3 Bxf3 9. Qxf3 c5 10. Nd2 Ne5 11. Qe2 Rb8 12. a4 Qc7 13. Nf3 Nxf3+ 14. Qxf3 b5 15. axb5 Rxb5 16. Ra4 Nd7 17. b3 Ra5 18. Rxa5 Qxa5 19. Bg5 Qxe1+ 20. Kh2 Ne5 21. Qf4 f6 22. Bh6 g5 23. Bxg5 fxg5 24. Qxg5 Rxf2 0-1

[Event "Daventry 4NCL U1700"]
[Site "Daventry"]
[Date "2025.04.19"]
[Round "2.11"]
[White "Dargue, Peter W"]
[Black "Seymour, Paul"]
[Result "1/2-1/2"]
[WhiteElo "1355"]
[BlackElo "1619"]
[PlyCount "221"]
[EventDate "2025.04.18"]
[EventType "swiss"]
[EventRounds "7"]
[EventCountry "ENG"]
[SourceTitle "BritBase"]
[Source "John Saunders"]
[SourceDate "2025.09.18"]
[SourceVersion "1"]
[SourceVersionDate "2025.09.18"]
[SourceQuality "1"]

1. e4 d5 2. exd5 Qxd5 3. Nc3 Qd6 4. d4 Nf6 5. Nf3 a6 6. h3 b5 7. a3 Bb7 8. b4 Nbd7 9. Bb2 g6 10. g3 Bg7 11. Bg2 Nb6 12. O-O Nc4 13. Bc1 Rb8 14. Bf4 Qd8 15. Ne5 Bxg2 16. Kxg2 Rb6 17. Nxc4 Rc6 18. Ne2 Rxc4 19. c3 Nd5 20. Qd2 O-O 21. Be5 Bxe5 22. dxe5 Nxc3 23. Qxd8 Rxd8 24. Nxc3 Rxc3 25. Rfc1 Rdd3 26. Rxc3 Rxc3 27. a4 c6 28. axb5 axb5 29. Ra8+ Kg7 30. Rc8 Rc4 31. Rc7 e6 32. Kf3 h5 33. Ke3 Rxb4 34. Rxc6 Rb1 35. Rb6 g5 36. Kf3 b4 37. g4 Rb3+ 38. Kg2 h4 39. Rb8 Rb1 40. Rb7 b3 41. Rb6 b2 42. Rb7 Re1 43. Rxb2 Rxe5 44. Kf3 Kf6 45. Rb7 Ra5 46. Rb3 Ra4 47. Re3 Rf4+ 48. Ke2 e5 49. f3 Rd4 50. Rc3 Ke6 51. Rc6+ Rd6 52. Rc4 Ra6 53. Rc2 Kf6 54. Ke3 Kg6 55. Kf2 f6 56. Re2 Kf7 57. Rd2 Ke6 58. Rd8 Ra2+ 59. Kg1 Ra4 60. Rd2 Rf4 61. Kg2 Rd4 62. Re2 Rd6 63. Ra2 Kd5 64. Ra4 Kc5 65. Ra8 Kc4 66. Ra2 Kc3 67. Ra3+ Kb4 68. Re3 Rd2+ 69. Kg1 Kc4 70. Ra3 Rd3 71. Ra6 Rxf3 72. Kg2 Rf4 73. Rd6 Kc5 74. Rd8 Rd4 75. Rc8+ Kd6 76. Rf8 Ke7 77. Ra8 Kf7 78. Ra7+ Kg6 79. Ra6 Rd3 80. Re6 Kf7 81. Ra6 Rd7 82. Ra4 Ke6 83. Ra6+ Rd6 84. Ra4 f5 85. Rb4 f4 86. Rb8 Kf7 87. Rb7+ Kf6 88. Rb4 Re6 89. Re4 Rc6 90. Kf3 Rc3+ 91. Kg2 Rc2+ 92. Kg1 Ke6 93. Re1 Kd5 94. Rd1+ Kc4 95. Rd8 Rc3 96. Kg2 f3+ 97. Kf2 e4 98. Rc8+ Kd4 99. Rd8+ Kc4 100. Rc8+ Kb3 101. Re8 Rc4 102. Re5 Rc2+ 103. Kf1 Rh2 104. Rxe4 Rxh3 105. Re5 Rh2 106. Rxg5 Rg2 107. Rf5 Rg3 108. Kf2 Rxg4 109. Rxf3+ Kc4 110. Rh3 Kd4 111. Re3 1/2-1/2